| 000 | 00353nam a2200133Ia 4500 | ||
|---|---|---|---|
| 008 | 240624s9999 xx 000 0 und d | ||
| 041 | _aeng | ||
| 082 | _a332.64 RAG | ||
| 100 | _aRAGHAVAN ANITA | ||
| 245 | _aBILLIONAIRE S APPRENTICE THE RISE OF THE | ||
| 260 |
_c2013 _aNew York _bBusiness Plus |
||
| 300 | _axvi, : 493 : p. : cm. ; 23 | ||
| 365 |
_c _b38 |
||
| 999 |
_c28176 _d28176 |
||